Only in darkness can you see the stars : (Record no. 165971)

MARC details
000 -LEADER
fixed length control field 00617nam a22001937a 4500
005 - DATE AND TIME OF LATEST TRANSACTION
control field 20190708154316.0
010 ## - LCCN (DPL NO)
LC control number ENG-125849
020 ## - INTERNATIONAL STANDARD BOOK NUMBER
International Standard Book Number 9789386473622
Terms of availability 495.00
035 ## - SYSTEM CONTROL NUMBER
System control number EN-109381
037 ## - SOURCE OF ACQUISITION
Source of stock number/acquisition DBAD/PUB
082 ## - DEWEY DECIMAL CLASSIFICATION NUMBER
Classification number 920
100 ## - MAIN ENTRY--PERSONAL NAME
Personal name Bakaya, Santosh
245 ## - TITLE STATEMENT
Title Only in darkness can you see the stars :
Remainder of title Martin luther king JR /
Statement of responsibility, etc by Santosh Bakaya
260 ## - PUBLICATION, DISTRIBUTION, ETC. (IMPRINT)
Place of publication, distribution, etc New Delhi
Name of publisher, distributor, etc Vistasta Publishing
Date of publication, distribution, etc 2019
270 ## - ADDRESS
Address 2/15, Ansari Road, Daryaganj
City New Delhi
Postal code 110002
300 ## - PHYSICAL DESCRIPTION
Extent xix,284p.
Dimensions 21cm(pbk)
500 ## - GENERAL NOTE
General note Includes bibliographical references
942 ## - ADDED ENTRY ELEMENTS (KOHA)
Source of classification or shelving scheme Dewey Decimal Classification
Item type English Books
Classification part 920
Call number suffix BAK
Holdings
Withdrawn status Lost status Not for loan Collection code Home library Current library Date acquired Source of acquisition Cost, normal purchase price Full call number Barcode Copy number Cost, replacement price Koha item type
      Non-fiction Ashok Vihar Ashok Vihar 08/07/2019 DBAD/PUB 495.00 920 BAk EN-109381 1 495.00 English Books

© Delhi Public Library
Hit Counter
free hit counter